000 00634nam a2200241 a 4500
001 nice12345678
003 IN_TiNIC
005 20260116011546.0
008 050524s1847 lona grp 000 0 eng
020 _a
_c100
082 0 0 _a907.202
_bCAR
100 _aCary, Henry
245 _aHerodotus
_b Literally Transladted from the Text of Behr With Geogrophical
260 _aLondon-New York
_bGeorge Routledge and Sons
_c1847
300 _a512p
500 _aincludes index and biblioraphy
505 2 _aIndex
650 _aHistorians-Herodotus
700 1 _aCary, Henry
902 _bSRS
942 _cBK
999 _c2604
_d2604